Šimpanzi zo siedmej C /

Hlavní autor: Stoličný, Peter, 1945-
Jazyk: Slovenština
Vydáno: Bratislava : Mladé letá, 1990
Vydání: 1. vydanie
Fyzický popis: 170 stran : ilustrace ; 8°
Knihy
Uloženo v:
LEADER 00870nam a22002652i 4500
001 001515057
003 CZ BrMZK
005 20160715125351.0
007 ta
008 160307s1990 xo a er|||||||||||slo d
040 |a ABA001  |b cze  |c ABA001  |d ABA001  |d BOA001  |e rda 
080 9 |a 885.4-93-311.9 
100 1 |a Stoličný, Peter,  |d 1945-  |7 xx0001345  |4 aut 
245 1 0 |a Šimpanzi zo siedmej C /  |c Peter Stoličný ; ilustroval Dušan Polakovič 
250 |a 1. vydanie 
264 1 |a Bratislava :  |b Mladé letá,  |c 1990 
300 |a 170 stran :  |b ilustrace ;  |c 8° 
336 |a text  |b txt  |2 rdacontent 
337 |a bez média  |b n  |2 rdamedia 
338 |a svazek  |b nc  |2 rdacarrier 
521 8 |a Pro čtenáře od 11 let 
910 |a BOA001  |b M2-0953.499 
990 |a BK 
991 |b 201603 
996 7 |b 2619148555  |c M2-0953.499  |l MZK  |r Sklad / do 24 hodin  |n 0  |w 001550389  |u 000010  |a 1  |e BOA001  |j MZK50  |s A